| 000 -LEADER |
| fixed length control field |
00317nam a22001217a 4500 |
| 008 - FIXED-LENGTH DATA ELEMENTS--GENERAL INFORMATION |
| fixed length control field |
250225b ||||| |||| 00| 0 eng d |
| 020 ## - INTERNATIONAL STANDARD BOOK NUMBER |
| International Standard Book Number |
9780711284234 |
| 082 ## - DEWEY DECIMAL CLASSIFICATION NUMBER |
| Classification number |
530.092 VEG |
| 100 ## - MAIN ENTRY--PERSONAL NAME |
| Personal name |
VEGARA,MARIA ISABEL SANCHEZ |
| Relator term |
AUTHOR |
| 245 ## - TITLE STATEMENT |
| Title |
STEPHEN HAWKING |
| 260 ## - PUBLICATION, DISTRIBUTION, ETC. |
| Name of publisher, distributor, etc. |
FRANCES LINCOLN CHILDREN'S BOOKS |
| 942 ## - ADDED ENTRY ELEMENTS (KOHA) |
| Source of classification or shelving scheme |
|